000 00247nam a2200109Ia 4500
008 190919s9999||||xx |||||||||||||| ||und||
100 _aRavi Kalakota
245 0 _aE-Business
260 _aNew Delhi
_bAddison
_c2002
300 _a548
942 _cBK
999 _c11108
_d11108